Fès–Saïs Airport Destinations (Fez, Morocco) - Statistics

General Stats
  • This quiz has been taken 39 times
    13 since last reset
  • The average score is 23 of 40
Answer Stats
Airline Destination % Correct
Air Arabia/TUI fly Belgium Brussels
100%
Royal Air Maroc Express Casablanca
100%
Ryanair Madrid
100%
Air Arabia/Ryanair Marrakesh
100%
Air Arabia Paris (Charles de Gaulle)
100%
Royal Air Maroc/Transavia Paris (Orly)
100%
Air Arabia/Ryanair Barcelona
89%
Binter Canarias Gran Canaria
89%
Air Arabia/Ryanair Agadir
78%
Air Arabia Amsterdam
78%
Ryanair Charleroi
78%
Ryanair Málaga
78%
Ryanair Rome (Ciampino)
78%
Air Arabia Bordeaux
67%
Ryanair Lille
67%
Ryanair London (Stansted)
67%
Air Arabia/Transavia Lyon
67%
Air Arabia/Ryanair Marseille
67%
Ryanair Valencia
67%
Air Arabia/Ryanair Bergamo
56%
Corendon Airlines Düsseldorf
56%
Ryanair Eindhoven
56%
Ryanair Nantes
56%
Air Arabia Nice
56%
Transavia Rotterdam/The Hague
56%
Air Arabia Strasbourg
56%
Air Arabia/Ryanair Toulouse
56%
Ryanair Alicante
44%
Air Arabia Istanbul
44%
Air Arabia Montpellier
44%
Ryanair Palma de Mallorca
44%
Ryanair Bologna
33%
Ryanair Beauvais
22%
Ryanair Zaragoza
22%
Ryanair Clermont-Ferrand
11%
Ryanair Hahn
11%
Ryanair Weeze
11%
Ryanair Dole
0%
Ryanair Karlsruhe/Baden-Baden
0%
Ryanair Nimes
0%
No matching quizzes found
Score Distribution
Percent of People with Each Score
Percentile by Number Answered
Your Score History
You have not taken this quiz since the last reset